U.S. States by Number of Area Codes - Statistics

General Stats
  • This quiz has been taken 21 times
  • The average score is 11 of 17
Answer Stats
Hint Answer % Correct
39 California
100%
23 Florida
89%
22 New York
89%
28 Texas
89%
1 Alaska | Delaware | Hawaii | Maine | Montana | New Hampshire | North Dakota | Rhode Island | South Dakota | Vermont | Wyoming | American Samoa | Guam | Northern Mariana Islands
78%
4 Arkansas | Connecticut | Kansas | Mississippi | Oregon
67%
15 Ohio | Pennsylvania
67%
5 Arizona | Colorado | Iowa | Kentucky | Oklahoma
61%
10 Georgia | New Jersey | North Carolina | Virginia
61%
17 Illinois
61%
6 Louisiana | Maryland | South Carolina | Washington
61%
13 Michigan
61%
2 District of Columbia | Idaho | New Mexico | West Virginia
56%
8 Indiana | Minnesota | Wisconsin
50%
3 Nebraska | Nevada | Utah
50%
9 Massachusetts | Missouri
44%
7 Tennessee
28%
No matching quizzes found
Score Distribution
Percent of People with Each Score
Percentile by Number Answered
Your Score History
You have not taken this quiz